[Event "Peterhof op 08"]
[Site "Peterhof"]
[Date "2009.08.08"]
[Round "6"]
[White "Losev, Sergey Sergeyvich"]
[Black "Shishkin, Vadim"]
[Result "1/2-1/2"]
[WhiteElo "1972"]
[BlackElo "2507"]
[PlyCount "127"]
[EventDate "2009.08.03"]
[EventType "swiss"]
[EventRounds "9"]
[EventCountry "RUS"]
[SourceTitle "EXT 2010"]
[Source "ChessBase"]
[SourceDate "2010.11.25"]
[SourceVersion "1"]
[SourceVersionDate "2010.11.25"]
[SourceQuality "1"]

1. e4 d6 2. d4 g6 3. Nf3 Bg7 4. Bc4 e6 5. 0-0 h6 6. Nc3 Ne7 7. Bf4 0-0 8. Qd2 Kh7 9. h4 Nd7 10. g4 Nb6 11. Bd3 f5 12. exf5 exf5 13. g5 h5 14. Rfe1 Bd7 15. Re2 Re8 16. Rae1 Ned5 17. Rxe8 Bxe8 18. Nxd5 Nxd5 19. c4 Nxf4 20. Qxf4 Bf7 21. Qe3 Qe8 22. Qe7 Rc8 23. b3 Qxe7 24. Rxe7 Kg8 25. d5 Kf8 26. Re2 Re8 27. Kf1 Rxe2 28. Kxe2 Ke7 29. Ke3 c6 30. dxc6 bxc6 31. Be2 Be8 32. Nd2 Ke6 33. f4 Bc3 34. Bf3 d5 35. Kd3 Ba5 36. Bg2 Bb6 37. Ke2 Bc7 38. Ke3 Bb6+ 39. Ke2 Bc7 40. Ke3 Bb6+ 41. Ke2 Bd4 42. Nf3 Bh8 43. Nd2 Kd6 44. Kd3 Bf7 45. Bh1 a6 46. Bg2 a5 47. Bh1 Kc5 48. cxd5 Bxd5 49. Bxd5 cxd5 50. Nf3 Bg7 51. Ne5 Bxe5 52. fxe5 d4 53. e6 Kd6 54. Kxd4 Kxe6 55. a3 Kd6 56. Ke3 Kc5 57. Kd3 Kd5 58. Ke3 Kc5 59. Kd3 Kb5 60. Kd4 Kc6 61. Kc4 Kb6 62. Kd4 Kb5 63. Kd5 Kb6 64. Kd4 1/2-1/2

[Event "Rybinsk op"]
[Site "Rybinsk"]
[Date "2009.06.16"]
[Round "5"]
[White "Arbuzov, Ivan"]
[Black "Losev, Sergey Sergeyvich"]
[Result "1-0"]
[WhiteElo "1799"]
[BlackElo "1972"]
[PlyCount "133"]
[EventDate "2009.06.14"]
[EventType "swiss"]
[EventRounds "9"]
[EventCountry "RUS"]
[SourceTitle "CBM 131 Extra"]
[Source "ChessBase"]
[SourceDate "2009.09.03"]
[SourceVersion "2"]
[SourceVersionDate "2009.09.16"]
[SourceQuality "1"]

1. e4 e6 2. d4 d5 3. e5 c5 4. c3 Nc6 5. Nf3 Qb6 6. a3 a5 7. Bd3 Bd7 8. Bc2 cxd4 9. cxd4 Nge7 10. Nc3 Ng6 11. h4 h5 12. Bxg6 fxg6 13. Qd3 Ne7 14. 0-0 Nf5 15. Rb1 a4 16. Bg5 Be7 17. Qd2 0-0 18. Rfd1 Qd8 19. Bxe7 Qxe7 20. Qg5 Qxg5 21. hxg5 Rac8 22. Rbc1 Rc4 23. Ne2 Rfc8 24. Rxc4 Rxc4 25. Rc1 Bb5 26. Rxc4 Bxc4 27. Kf1 Kf7 28. Ke1 Bxe2 29. Kxe2 Ke7 30. Kd3 Kd7 31. Kc3 Kc6 32. Ne1 Kb5 33. Nd3 Nh4 34. Nf4 Kc6 35. g3 Nf3 36. Nxe6 b5 37. Kd3 Kd7 38. Nf4 Kc6 39. Nxg6 Nxg5 40. Ne7+ Kd7 41. Nxd5 Nf3 42. Ke3 Ne1 43. Nf4 Nc2+ 44. Kd3 Ne1+ 45. Kc3 Nf3 46. Nxh5 g6 47. Nf4 g5 48. Nd5 Ng1 49. Kd3 Kc6 50. Nb4+ Kd7 51. Ke4 Nh3 52. f4 Nf2+ 53. Kf5 gxf4 54. Kxf4 Nd1 55. Nd3 b4 56. Nxb4 Nxb2 57. Na6 Nc4 58. Nc5+ Kc6 59. Ke4 Nxa3 60. Nxa4 Nc4 61. Nc3 Nd2+ 62. Kf5 Nb3 63. d5+ Kc5 64. d6 Nd4+ 65. Kf6 Kc6 66. g4 Kd7 67. g5 1-0

[Event "Moscow op-B"]
[Site "Moscow"]
[Date "2009.02.07"]
[Round "8"]
[White "Losev, Sergey Sergeyvich"]
[Black "Pristalov, Evgeny"]
[Result "1/2-1/2"]
[WhiteElo "1985"]
[BlackElo "1905"]
[PlyCount "59"]
[EventDate "2009.01.31"]
[EventType "swiss"]
[EventRounds "9"]
[EventCountry "RUS"]
[SourceTitle "EXT 2012"]
[Source "ChessBase"]
[SourceDate "2011.11.24"]
[SourceVersion "1"]
[SourceVersionDate "2011.11.24"]
[SourceQuality "1"]

1. e4 Nf6 2. e5 Nd5 3. d4 d6 4. c4 Nb6 5. exd6 cxd6 6. Nf3 g6 7. Be2 Bg7 8. 0-0 0-0 9. Nc3 Nc6 10. Be3 d5 11. cxd5 Nxd5 12. Nxd5 Qxd5 13. Qd2 Rd8 14. Rfd1 Bg4 15. h3 Bf5 16. Qc3 Rac8 17. Bc4 Qd7 18. Rac1 Be4 19. Nd2 Bd5 20. Nb3 Bxc4 21. Qxc4 Na5 22. Qb4 Rxc1 23. Rxc1 Nc6 24. Nc5 Nxb4 25. Nxd7 Nd5 26. Nc5 b6 27. Nd3 Nxe3 28. fxe3 e5 29. Nxe5 Bxe5 30. dxe5 1/2-1/2

[Event "Moscow op-B"]
[Site "Moscow"]
[Date "2009.02.06"]
[Round "7"]
[White "Rodnov, Sergey"]
[Black "Losev, Sergey Sergeyvich"]
[Result "0-1"]
[WhiteElo "1512"]
[BlackElo "1985"]
[PlyCount "50"]
[EventDate "2009.01.31"]
[EventType "swiss"]
[EventRounds "9"]
[EventCountry "RUS"]
[SourceTitle "EXT 2023"]
[Source "ChessBase"]
[SourceDate "2022.10.05"]
[SourceVersion "1"]
[SourceVersionDate "2022.10.05"]
[SourceQuality "1"]

1. d4 d5 2. Nf3 Nf6 3. e3 Bf5 4. Nbd2 e6 5. Be2 Bd6 6. 0-0 0-0 7. Ne5 Nbd7 8. f4 Ne4 9. g4 Nxd2 10. Bxd2 Be4 11. Be1 Nxe5 12. dxe5 Be7 13. c4 f6 14. cxd5 Bxd5 15. exf6 Bxf6 16. Bc3 Bxc3 17. bxc3 Qf6 18. Rc1 Rad8 19. Qc2 Qh4 20. c4 Bc6 21. g5 Qh3 22. e4 Qe3+ 23. Rf2 Rd2 24. Qc3 Rxe2 25. Qxe3 Rxe3 0-1